00455nam a2200109Ia 4500008004100000020001800041100004000059245016500099260002700264650001200291856004200303171212s9999 xx 000 0 und d a9780833033437 aOrtiz, David S.;Sollinger, Jerry M. cOrtiz, David S.;Sollinger, Jerry M.aE-Vision 2002, Shaping Our Future by Reducing Energy Intensity in the U.S. Economy, Volume IbProceedings of the Conference bRAND Corporationc2003 aPhysics uwww.jstor.org/stable/10.7249/cf184doe